Disney Lyrics- Fill in the blanks - Statistics

General Stats
  • This quiz has been taken 191 times
  • The average score is 5 of 15
Answer Stats
Lyric Answer % Correct
Come stop your crying it'll be alright, come take my ____, hold it tight hand
75%
Cruella de Vil, Cruella de Vil, if she doesn't scare you no ____ thing will evil
69%
Then after lunch it's puzzles and darts and ______ baking
65%
Who knew we owned eight thousand _____ plates salad
61%
If this is where the _____ is headed, count me out, out of service out of Africa I wouldn't hang about monarchy
56%
There must be more than this ______ life, just watch I'm going to make Belle my wife! provincial
50%
Let me take your order, ___ it down you ain't never had a friend like me jot
43%
Isn't he bold? No one braver. Isn't he _____? Our favorite flavor sweet
39%
I'm gonna tear it up like I did before and that's a _____ guaranty royal
18%
He's a tramp, he's a ______, he's a rounder, he's a cad scoundrel
15%
We dig up diamonds by the score, a thousand _____, sometimes more rubies
13%
Like a bolt out of the blue, ____ steps in and sees you through fate
8%
You're not even aware, you're such a ____ pair, you're the best of friends funny
8%
Sometimes ups, outnumber the downs, but not in _______ Nottingham
8%
When you're alone, who comes around, to ____ you up when you are down pluck
4%
No matching quizzes found
Score Distribution
Percent of People with Each Score
Percentile by Number Answered
Your Score History
You have not taken this quiz